| 000 | 00642nam a22001697a 4500 | ||
|---|---|---|---|
| 003 | LK-CoDNM | ||
| 005 | 20250225122232.0 | ||
| 008 | 250225b |||||||| |||| 00| 0 eng d | ||
| 040 |
_aLK-CoDNM _dLK-CoDNM _eLK-CoDNM |
||
| 041 | _atam | ||
| 080 | _aT A337 | ||
| 245 | _aபூபாள ராகங்கள் | ||
| 260 |
_aகம்பர்மலை வித்தியாலம் - கொம்மந்துறை _bபழைய மாணவர் சங்கம் - ஜக்கிய இராச்சியம் _c2005 |
||
| 300 | _a120p : 21 cm. | ||
| 650 | _aசிறுகதைத் தொகுதி | ||
| 942 | _cBK | ||
| 999 |
_c238444 _d238444 |
||